000 01040nam a2200217Ii 4500
003 JO-AjNU
008 230605s9999||||xx |||||||||||||| ||und||
020 _a1682-1203 / 9948-00-730-1
040 _aJO-AjNU
_bara
_erda
_cJO-AjNU
041 _aara
050 1 4 _aKZ4024.M87.2005
100 3 _aالموسى، محمد خليل,
_eauthor
_921462
245 0 0 _aالتسويات السليمة المتعلقة بخلافة الدول وفقا لأحكام القانون الدولي
264 3 1 _aابو ظبي : مركز الإمارات للدراسات والبحوث الاستراتيجية، 2005
300 _a98ص
336 _atext
_btxt
_2rdacontent
337 _aunmediated
_bn
_2rdamedia
338 _avolume
_bnc
_2rdacarrier
490 0 _aدراسات استراتيجية / مركز الإمارات للدراسات والبحوث الاستراتيجية (أبو ظبي)، 110
650 4 _aالتسوية السلمية للمنازعات الدولية -- المنازعات الدولية (قانون دولي)
_921463
999 _aA7458
_c11026
_d11026